000 01014nam a2200265 i 4500
001 97095
003 ES-MaACL
005 20251003161852.0
007 t|
008 050706s1933 sp ||||1| spa d
080 _a017.1(460.27 M.)
080 _a016:72:091
245 0 0 _aManuscritos sobre México en la Biblioteca Nacional de Madrid
_b: (sacado del Cátalogo de manuscritos de América) /
_cde D. Julián Paz.
260 _aMadrid :
_b[s.n.],
_c1933 (
_fGráficas Marinas)
300 _a277 p. ;
_c22 cm.
490 1 _aCuadernos mexicanos de la Embajada de México en España
650 0 4 _aManuscritos-
_xBiblioteca Nacional (España)-
_xCatálogos.
_914753
651 4 _aMéxico-
_xHistoria-
_vFuentes.
_9144859
700 1 _aPaz Espeso, Julián,
_d1868-1962
_989769
710 2 _aBiblioteca Nacional (España)
_92188
710 0 _aMéxico.
_bEmbajada (España)
_95700
830 0 _aCuadernos mexicanos de la Embajada de México en España
_9184247
852 _aES-MaACL
_jA-1818
999 _c97095
_d97095